| 000 | 01050nam a2200241 i 4500 | ||
|---|---|---|---|
| 001 | 163886 | ||
| 003 | ES-MaACL | ||
| 005 | 20250513063025.0 | ||
| 008 | 050721q17241756sp |||| | spa d | ||
| 100 | 1 |
_aRojas Zorrilla, Francisco de, _d1607-1648 _999085 |
|
| 245 | 1 | 0 |
_aObligados y ofendidos y gorron de Salamanca _b: comedia famosa / _cde Don Francisco de Roxas. |
| 260 |
_aEn Sevilla : _ben la imprenta castellana y latina de Diego Lopez de Haro, calle de Genova, _c[entre 1724-1756] |
||
| 300 |
_a32 p. ; _c4º. |
||
| 500 | _aPrecede al tít., enmarcado en orla tip.: Núm. 37. | ||
| 530 | _aDisponible en formato digital. | ||
| 596 | _aPie de imp. consta en colofón. | ||
| 596 | _aDiego López de Haro ejerce ca. 1724-1756, según consta en CCPB. | ||
| 597 | _aSign.: A-D4. | ||
| 597 | _aTexto a dos col., separado por orla tip. | ||
| 852 |
_aES-MaACL _jR-3021-36 _x T-1409 _z- Enc. piel gofrada con hierros dorados |
||
| 856 |
_uhttps://archive.org/details/A03930818910 _zInternet Archive |
||
| 999 |
_c163886 _d163886 |
||